000 00479nam a2200169Ia 4500
008 090711s9999 xx 000 0 und d
082 _b47864
100 _aक्षेत्रमाडे सुमती
245 _aअंबा
260 _c1984
300 _a184
600 _aक्षेत्रमाडे सुमती
630 _aअंबा
700 _aक्षेत्रमाडे सुमती
730 _aअंबा
942 _cBOOK
999 _c309414
_d309414